| 000 | 00807nam a2200289Ia 4500 | ||
|---|---|---|---|
| 001 | Para_157 | ||
| 003 | CHAP | ||
| 008 | 220125s1984 xx 000 0 und d | ||
| 010 | _a198675 | ||
| 040 | _cCHAP | ||
| 090 | _aPA FOLLETO 3126 | ||
| 100 |
_aBlom, T.J. _9163959 |
||
| 245 |
_aCarbon dioxide in greenhouses / _c by T.J. Blom, W.A. Straver and F.J. Ingratta |
||
| 260 |
_aOntario, Canada : _b Ministry of Agriculture and Food |
||
| 300 | _a4 p. | ||
| 410 | _aFactsheet; 290 | ||
| 650 |
_aInvernaderos _960172 |
||
| 700 |
_aI. Straver, W.A. _9163960 |
||
| 700 |
_aII. Ingratta, F.J. _9163961 |
||
| 901 | _aPA FOLLETO 3126 | ||
| 902 | _aA | ||
| 905 | _a0000001984 0000000000 00 | ||
| 910 | _a1984 | ||
| 942 | _cPARA | ||
| 942 |
_cPARA _d1 |
||
| 999 |
_c198675 _d198675 |
||